[Event "Wch U18 Girls"]
[Site "Montesilvano"]
[Date "2023.11.23"]
[Round "10"]
[White "Margadgua, Erdenebayar"]
[Black "Naymanova, Patricie"]
[Result "1/2-1/2"]
[WhiteElo "2013"]
[BlackElo "2083"]
[PlyCount "98"]
[EventDate "2023.11.13"]
[EventType "swiss"]
[EventRounds "11"]
[EventCountry "ITA"]
[SourceTitle "CB48_2023"]
[SourceDate "2023.11.29"]
[SourceVersion "1"]
[SourceVersionDate "2023.11.29"]
[SourceQuality "1"]

1. e4 c5 2. Nc3 a6 3. g3 b5 4. Bg2 Bb7 5. d3 Nf6 6. Nh3 e6 7. 0-0 d6 8. f4 Nc6 9. Nf2 Be7 10. Ne2 Qc7 11. c3 0-0 12. g4 b4 13. Ng3 Nd7 14. f5 bxc3 15. bxc3 Bf6 16. Bd2 Be5 17. g5 Bxg3 18. hxg3 exf5 19. Qh5 g6 20. Qh3 Ne7 21. Rab1 Bc6 22. d4 fxe4 23. Bxe4 d5 24. Bf3 f5 25. gxf6 Nxf6 26. Qe6+ Kg7 27. Bf4 Qd7 28. Rfe1 Qxe6 29. Rxe6 Kf7 30. Rbe1 Rfe8 31. Bg5 Neg8 32. Rxe8 Rxe8 33. Rxe8 Kxe8 34. dxc5 Ne4 35. Nxe4 dxe4 36. Be2 h6 37. Bc4 hxg5 38. Bxg8 e3 39. Kf1 Bf3 40. Bc4 a5 41. a3 g4 42. Bb5+ Ke7 43. Ke1 Ke6 44. Bc4+ Ke5 45. Kf1 g5 46. Ke1 Kf6 47. Bb5 Ke6 48. Bc4+ Ke5 49. Kf1 Kf6 1/2-1/2

[Event "World Amateur-ch U2300"]
[Site "Muscat"]
[Date "2023.11.06"]
[Round "5"]
[White "Al Saidi, Mohammed Khalfan"]
[Black "Naymanova, Patricie"]
[Result "0-1"]
[WhiteElo "1825"]
[BlackElo "2083"]
[PlyCount "94"]
[EventDate "2023.11.02"]
[EventType "swiss"]
[EventRounds "9"]
[EventCountry "OMN"]
[SourceTitle "CB46_2023"]
[SourceDate "2023.11.15"]
[SourceVersion "1"]
[SourceVersionDate "2023.11.15"]
[SourceQuality "1"]

1. d4 Nf6 2. c4 e6 3. Nc3 Bb4 4. Qc2 c5 5. dxc5 0-0 6. Bg5 Bxc5 7. Nf3 b6 8. e3 Bb7 9. Be2 Nc6 10. a3 Be7 11. 0-0 h6 12. Bh4 Rc8 13. Rad1 Nh5 14. Bxe7 Qxe7 15. Qd2 Nf6 16. Qd6 Qxd6 17. Rxd6 Rfd8 18. Rfd1 Kf8 19. b4 Ke7 20. h3 Ne8 21. R6d2 Nb8 22. Nb5 a6 23. Nbd4 Nf6 24. Rc1 Ne4 25. Rdc2 d6 26. Nb3 Nd7 27. Nfd4 Rc7 28. a4 e5 29. Nf3 Rdc8 30. Ne1 Nef6 31. f3 Bc6 32. Ra1 Bd5 33. Rac1 Be6 34. Nd2 Nb8 35. g4 g5 36. Nd3 Nfd7 37. Kf2 f5 38. Kg3 f4+ 39. Kf2 Nc6 40. c5 fxe3+ 41. Kxe3 dxc5 42. bxc5 Nd4 43. Rc3 bxc5 44. Bd1 Bd5 45. Ne4 Bxe4 46. Kxe4 Ke6 47. Bc2 Nf6+ 0-1

[Event "World Amateur-ch U2300"]
[Site "Muscat"]
[Date "2023.11.05"]
[Round "4"]
[White "Naymanova, Patricie"]
[Black "Arce Benito, Victor"]
[Result "0-1"]
[WhiteElo "2083"]
[BlackElo "2001"]
[PlyCount "84"]
[EventDate "2023.11.02"]
[EventType "swiss"]
[EventRounds "9"]
[EventCountry "OMN"]
[SourceTitle "CB46_2023"]
[SourceDate "2023.11.15"]
[SourceVersion "1"]
[SourceVersionDate "2023.11.15"]
[SourceQuality "1"]

1. d4 Nf6 2. Nc3 d5 3. Bf4 Bf5 4. f3 h6 5. g4 Bg6 6. h4 e6 7. e3 a6 8. Nh3 Nbd7 9. Bg3 c5 10. Nf4 Bd6 11. Nce2 Qc7 12. Rh3 Nf8 13. c3 h5 14. g5 N6d7 15. Nxg6 Bxg3+ 16. Nxg3 Nxg6 17. f4 cxd4 18. cxd4 Qa5+ 19. Kf2 0-0-0 20. Bd3 Ne7 21. Nxh5 g6 22. Ng3 f5 23. a3 Kb8 24. b4 Qb6 25. h5 gxh5 26. Rxh5 Rhg8 27. Ne2 Nc8 28. Nc3 Rde8 29. Na4 Qd8 30. Nc5 Ndb6 31. Rh6 Nd6 32. Qb3 Nbc4 33. a4 Rxg5 34. Nxe6 Rxe6 35. fxg5 Rxe3 36. Rh5 Ne4+ 37. Kg2 Qd6 38. Rh8+ Ka7 39. Rf1 Qg3+ 40. Kh1 Rxd3 41. Qc2 Rd2 42. Qc1 Qg2# 0-1

[Event "BUL-ch U20 Girls"]
[Site "Sofia"]
[Date "2023.02.04"]
[Round "6"]
[White "Naymanova, Patricie"]
[Black "Chuchukova, Stefani"]
[Result "1-0"]
[WhiteElo "1832"]
[BlackElo "1509"]
[PlyCount "51"]
[EventDate "2023.02.01"]
[EventType "tourn"]
[EventRounds "7"]
[EventCountry "BUL"]
[SourceTitle "CBM 212 Extra"]
[Source "ChessBase"]
[SourceDate "2023.03.31"]
[SourceVersion "1"]
[SourceVersionDate "2023.03.31"]
[SourceQuality "1"]

1. Nf3 g6 2. c4 c5 3. g3 Nc6 4. Bg2 Bg7 5. h4 Nf6 6. Nc3 d5 7. cxd5 Nxd5 8. h5 Nc7 9. d3 Bg4 10. hxg6 fxg6 11. Ng5 Qd7 12. Nce4 Na6 13. Qb3 0-0-0 14. f3 Nd4 15. Qd1 Nb4 16. 0-0 Ndc2 17. fxg4 Bd4+ 18. e3 Nxe3 19. Bxe3 Bxe3+ 20. Kh2 h5 21. gxh5 Kb8 22. Bh3 Qc6 23. Nf7 Rxd3 24. Nxh8 Rxd1 25. Rf8+ Kc7 26. Rc8+ 1-0

[Event "BUL-ch U20 Girls"]
[Site "Sofia"]
[Date "2023.02.03"]
[Round "4"]
[White "Karaivanova, Petya F"]
[Black "Naymanova, Patricie"]
[Result "1-0"]
[WhiteElo "1875"]
[BlackElo "1832"]
[PlyCount "63"]
[EventDate "2023.02.01"]
[EventType "tourn"]
[EventRounds "7"]
[EventCountry "BUL"]
[SourceTitle "CBM 212 Extra"]
[Source "ChessBase"]
[SourceDate "2023.03.31"]
[SourceVersion "1"]
[SourceVersionDate "2023.03.31"]
[SourceQuality "1"]

1. e4 c5 2. Nf3 d6 3. d4 cxd4 4. Nxd4 Nf6 5. Nc3 a6 6. Be3 e5 7. Nb3 Be6 8. Be2 Nbd7 9. h4 h5 10. Qd3 b5 11. Bf3 Qc7 12. a4 Bc4 13. Qd2 b4 14. Nd5 Nxd5 15. exd5 f5 16. Qd1 Nf6 17. Bg5 Ng4 18. Be2 Rc8 19. 0-0 Be7 20. Bd3 Bxg5 21. hxg5 g6 22. Qd2 e4 23. Bxc4 Qxc4 24. f3 Ne5 25. fxe4 Qxe4 26. Rae1 Qxc2 27. Qxb4 Kd7 28. Rc1 Nd3 29. Qd4 Nxc1 30. Qg7+ Kd8 31. Qxh8+ Kc7 32. Qxc8+ 1-0

[Event "BUL-ch U20 Girls"]
[Site "Sofia"]
[Date "2023.02.02"]
[Round "2"]
[White "Mitkova, Victoria Elizabeth"]
[Black "Naymanova, Patricie"]
[Result "0-1"]
[WhiteElo "1118"]
[BlackElo "1832"]
[PlyCount "108"]
[EventDate "2023.02.01"]
[EventType "tourn"]
[EventRounds "7"]
[EventCountry "BUL"]
[SourceTitle "CBM 212 Extra"]
[Source "ChessBase"]
[SourceDate "2023.03.31"]
[SourceVersion "1"]
[SourceVersionDate "2023.03.31"]
[SourceQuality "1"]

1. d4 d5 2. c4 dxc4 3. a4 Nf6 4. Nc3 e6 5. e4 c5 6. Be3 cxd4 7. Qxd4 Qxd4 8. Bxd4 Bb4 9. f3 Nc6 10. Be3 Na5 11. Nge2 Bd7 12. Kf2 Ke7 13. Nd4 Rac8 14. Be2 Bxc3 15. bxc3 b6 16. Nc2 Rhd8 17. Nb4 Be8 18. Rhd1 Rxd1 19. Bxd1 Nd7 20. Na6 Ne5 21. Rb1 Nd3+ 22. Ke2 Nb7 23. Nb4 Nbc5 24. Bc2 Bxa4 25. Bxd3 cxd3+ 26. Nxd3 Bc2 27. Bxc5+ Rxc5 28. Nxc5 Bxb1 29. Na6 Kd6 30. Ke3 Ba2 31. Kd4 e5+ 32. Ke3 Bc4 33. Nb4 a5 34. Nc2 Kc5 35. g3 b5 36. Kd2 Bb3 37. Na3 b4 38. cxb4+ axb4 39. Nb1 Kd4 40. Kc1 Ke3 41. Nd2 Be6 42. f4 exf4 43. gxf4 Kxf4 44. Kb2 Ke3 45. Nf1+ Kxe4 46. Ng3+ Kf3 47. Kc2 f5 48. Kc1 g6 49. Kb2 Kf2 50. Nh1+ Kg2 51. Ng3 Kxh2 52. Ne2 g5 53. Nd4 Bd7 54. Kb3 Kg3 0-1

[Event "BUL-ch (Women)"]
[Site "Sofia"]
[Date "2023.01.29"]
[Round "9"]
[White "Radeva, Viktoria"]
[Black "Naymanova, Patricie"]
[Result "1-0"]
[WhiteElo "2242"]
[BlackElo "1832"]
[PlyCount "91"]
[EventDate "2023.01.21"]
[EventType "swiss"]
[EventRounds "9"]
[EventCountry "BUL"]
[SourceTitle "CBM 212 Extra"]
[Source "ChessBase"]
[SourceDate "2023.03.31"]
[SourceVersion "1"]
[SourceVersionDate "2023.03.31"]
[SourceQuality "1"]

1. e4 c5 2. Nf3 a6 3. c3 d5 4. e5 Nc6 5. d4 Bg4 6. Be2 e6 7. Nbd2 cxd4 8. Nxd4 Bxe2 9. Qxe2 Nxd4 10. cxd4 Qb6 11. Nf3 Bb4+ 12. Kf1 Qb5 13. Be3 Rc8 14. a3 Ba5 15. Qxb5+ axb5 16. b4 Bb6 17. Ke2 Ne7 18. Kd3 Kd7 19. Ng5 Rcf8 20. h4 f6 21. Nf3 h5 22. a4 bxa4 23. Rxa4 Ra8 24. Rha1 Rxa4 25. Rxa4 Kc6 26. Ra1 Kb5 27. Bd2 Nc6 28. Re1 fxe5 29. Nxe5 Nxd4 30. Nd7 Nc6 31. Nxb6 Kxb6 32. Rxe6 Kb5 33. Rd6 Rd8 34. Rxd8 Nxd8 35. Kd4 Nc6+ 36. Kxd5 Nxb4+ 37. Ke6 Nd3 38. f4 Kc6 39. f5 b5 40. Kf7 b4 41. Kxg7 b3 42. Bc3 b2 43. Bxb2 Nxb2 44. f6 Nd3 45. f7 Nc5 46. f8Q 1-0

[Event "BUL-ch (Women)"]
[Site "Sofia"]
[Date "2023.01.21"]
[Round "1"]
[White "Naymanova, Patricie"]
[Black "Krasteva, Beloslava"]
[Result "0-1"]
[WhiteElo "1832"]
[BlackElo "2292"]
[PlyCount "70"]
[EventDate "2023.01.21"]
[EventType "swiss"]
[EventRounds "9"]
[EventCountry "BUL"]
[SourceTitle "CBM 212 Extra"]
[Source "ChessBase"]
[SourceDate "2023.03.31"]
[SourceVersion "1"]
[SourceVersionDate "2023.03.31"]
[SourceQuality "1"]

1. d4 Nf6 2. c4 e6 3. Nf3 b6 4. g3 Bb7 5. Bg2 Be7 6. Nc3 Ne4 7. Qd3 Nxc3 8. Qxc3 d6 9. 0-0 Nd7 10. b3 0-0 11. Bb2 Qe8 12. Ne1 Bxg2 13. Nxg2 Bf6 14. Qc2 g6 15. e4 e5 16. d5 a5 17. a3 Bg7 18. Ne3 Nc5 19. b4 Na4 20. Bc1 Qd7 21. g4 Bh6 22. f3 Kh8 23. Kh1 axb4 24. axb4 b5 25. c5 Bxe3 26. Bxe3 f5 27. gxf5 gxf5 28. f4 fxe4 29. fxe5 Qh3 30. Bf4 Nc3 31. exd6 Rxa1 32. Rxa1 Qf3+ 33. Qg2 Qxf4 34. dxc7 Nxd5 35. Qb2+ Nf6 0-1

[Event "Belgrade Trophy 35th"]
[Site "Belgrade"]
[Date "2021.11.26"]
[Round "3"]
[White "Marjanovic, Ivan D"]
[Black "Naymanova, Patricie"]
[Result "0-1"]
[WhiteElo "2046"]
[BlackElo "1782"]
[PlyCount "22"]
[EventDate "2021.11.24"]
[EventType "swiss"]
[EventRounds "9"]
[EventCountry "SRB"]
[SourceTitle "CBM 205 Extra"]
[Source "ChessBase"]
[SourceDate "2022.01.31"]
[SourceVersion "1"]
[SourceVersionDate "2022.01.31"]
[SourceQuality "1"]

1. e4 c5 2. c3 d5 3. exd5 Qxd5 4. d4 Nc6 5. Nf3 Bg4 6. Be2 cxd4 7. cxd4 e6 8. 0-0 Nf6 9. Nc3 Qa5 10. Ne5 Bxe2 11. Nxc6 Qxc3 0-1

[Event "EU-ch Hybrid U16 Girls"]
[Site "Tornelo INT"]
[Date "2021.10.15"]
[Round "3"]
[White "Kaliontzaki, Argyro Evanthia"]
[Black "Naymanova, Patricie"]
[Result "0-1"]
[WhiteElo "1282"]
[BlackElo "1894"]
[PlyCount "50"]
[EventDate "2021.10.15"]
[EventType "swiss"]
[EventRounds "9"]
[EventCountry "NET"]
[SourceTitle "EXT 2023"]
[Source "ChessBase"]
[SourceDate "2022.10.05"]
[SourceVersion "1"]
[SourceVersionDate "2022.10.05"]
[SourceQuality "1"]
[WhiteTeam "Greece"]
[BlackTeam "Bulgaria"]
[WhiteTeamCountry "GRE"]
[BlackTeamCountry "BUL"]

1. c4 c5 2. g3 g6 3. Bg2 Bg7 4. Nc3 Nc6 5. e4 d6 6. Nge2 e5 7. d3 Nge7 8. 0-0 0-0 9. Be3 f5 10. Qd2 Nd4 11. f4 Be6 12. fxe5 dxe5 13. Nd5 Qd7 14. Rae1 fxe4 15. dxe4 Nxd5 16. exd5 Bg4 17. Nxd4 exd4 18. Bf4 Rae8 19. Rxe8 Rxe8 20. Re1 Rxe1+ 21. Qxe1 d3 22. Qd2 Qe7 23. Be3 Qxe3+ 24. Qxe3 Bd4 25. Kf2 d2 0-1

[Event "EU-ch Hybrid U16 Girls"]
[Site "Tornelo INT"]
[Date "2021.10.15"]
[Round "8"]
[White "Naymanova, Patricie"]
[Black "Chuchukova, Stefani"]
[Result "0-1"]
[WhiteElo "1894"]
[BlackElo "1698"]
[PlyCount "54"]
[EventDate "2021.10.15"]
[EventType "swiss"]
[EventRounds "9"]
[EventCountry "NET"]
[SourceTitle "EXT 2023"]
[Source "ChessBase"]
[SourceDate "2022.10.05"]
[SourceVersion "1"]
[SourceVersionDate "2022.10.05"]
[SourceQuality "1"]
[WhiteTeam "Bulgaria"]
[BlackTeam "Bulgaria"]
[WhiteTeamCountry "BUL"]
[BlackTeamCountry "BUL"]

1. c4 c5 2. b3 Nc6 3. Bb2 e6 4. Nf3 Nf6 5. g3 d5 6. cxd5 exd5 7. d4 Ne4 8. Bg2 Be7 9. 0-0 Bf6 10. Na3 0-0 11. Nc2 Re8 12. Rb1 b6 13. Ne3 Ba6 14. Re1 Rc8 15. Ng4 Bxd4 16. Nxd4 Nxd4 17. f3 Bxe2 18. Qc1 Bxf3 19. Bxd4 cxd4 20. Qf4 Bxg2 21. Kxg2 Rc2+ 22. Kg1 Nc3 23. Qf5 Re4 24. Rxe4 dxe4 25. Rf1 f6 26. Ne5 Ne2+ 27. Kh1 Qd5 0-1

[Event "EU-ch Hybrid U16 Girls"]
[Site "Tornelo INT"]
[Date "2021.10.15"]
[Round "2"]
[White "Naymanova, Patricie"]
[Black "Kara, Gulce Nehir"]
[Result "0-1"]
[WhiteElo "1894"]
[BlackElo "1766"]
[PlyCount "72"]
[EventDate "2021.10.15"]
[EventType "swiss"]
[EventRounds "9"]
[EventCountry "NET"]
[SourceTitle "EXT 2023"]
[Source "ChessBase"]
[SourceDate "2022.10.05"]
[SourceVersion "1"]
[SourceVersionDate "2022.10.05"]
[SourceQuality "1"]
[WhiteTeam "Bulgaria"]
[BlackTeam "Turkey"]
[WhiteTeamCountry "BUL"]
[BlackTeamCountry "TUR"]

1. d4 c5 2. dxc5 e6 3. a3 Bxc5 4. c4 Nf6 5. Nf3 0-0 6. b4 Be7 7. Bb2 d5 8. e3 b6 9. Nbd2 Bb7 10. Be2 Nbd7 11. 0-0 Ne4 12. Qb3 Nxd2 13. Nxd2 Bf6 14. Rfd1 Bxb2 15. Qxb2 dxc4 16. Nxc4 Qg5 17. f3 Bd5 18. Qd4 Bxc4 19. f4 Qe7 20. Bxc4 Rad8 21. e4 Nf6 22. Qe3 e5 23. Bd5 Qc7 24. f5 Rd6 25. Rd3 Rfd8 26. Rad1 Kf8 27. g4 Nxd5 28. exd5 Qc4 29. Qxe5 Qxg4+ 30. Kh1 f6 31. Qc3 Qxf5 32. Qc4 Rc8 33. Qb3 Qe4+ 34. Kg1 f5 35. Rd4 Rg6+ 36. Kf2 Rg2+ 0-1

[Event "Paracin Orbis FM"]
[Site "Paracin"]
[Date "2021.02.05"]
[Round "1"]
[White "Vetokhina, Sofia"]
[Black "Naymanova, Patricie"]
[Result "1-0"]
[WhiteElo "1839"]
[BlackElo "1964"]
[PlyCount "51"]
[EventDate "2021.02.05"]
[EventType "tourn"]
[EventRounds "9"]
[EventCountry "SRB"]
[SourceTitle "EXT 2022"]
[Source "ChessBase"]
[SourceDate "2021.10.06"]
[SourceVersion "1"]
[SourceVersionDate "2021.10.06"]
[SourceQuality "1"]

1. d4 d5 2. c4 c6 3. Nf3 Nf6 4. g3 Bf5 5. Bg2 e6 6. Nh4 Be4 7. f3 Bg6 8. Nxg6 hxg6 9. Qb3 Qb6 10. c5 Qc7 11. Bf4 Qc8 12. e4 Be7 13. Nc3 Nbd7 14. 0-0 e5 15. Bxe5 Nxe5 16. dxe5 Bxc5+ 17. Kh1 Nh5 18. Ne2 dxe4 19. g4 Qc7 20. gxh5 Qxe5 21. fxe4 Qxh5 22. Qxf7+ Kd8 23. Rad1+ Kc8 24. Qd7+ Kb8 25. h3 Qxe2 26. Rf7 1-0

[Event "Niska Banja op"]
[Site "Niska Banja"]
[Date "2020.02.16"]
[Round "7"]
[White "Naymanova, Patricie"]
[Black "Arandjelovic, Aleksandar Z"]
[Result "1-0"]
[WhiteElo "1710"]
[BlackElo "1946"]
[PlyCount "49"]
[EventDate "2020.02.13"]
[EventType "swiss"]
[EventRounds "7"]
[EventCountry "SRB"]
[SourceTitle "CBM 195 Extra"]
[Source "ChessBase"]
[SourceDate "2020.05.31"]
[SourceVersion "1"]
[SourceVersionDate "2020.05.31"]
[SourceQuality "1"]

1. d4 f5 2. c4 Nf6 3. Nc3 g6 4. h4 Bg7 5. h5 d6 6. hxg6 hxg6 7. Rxh8+ Bxh8 8. Qd2 c6 9. Qh6 Kf7 10. Nf3 Qg8 11. Ng5+ Ke8 12. c5 Ng4 13. Qh4 dxc5 14. dxc5 Nd7 15. f3 Ngf6 16. e3 Nf8 17. Bc4 e6 18. e4 N6h7 19. Bf4 Bf6 20. 0-0-0 Qh8 21. e5 Nxg5 22. Qxh8 Bxh8 23. Bxg5 Bd7 24. f4 Nh7 25. Rh1 1-0

[Event "Niska Banja op"]
[Site "Niska Banja"]
[Date "2020.02.15"]
[Round "5"]
[White "Naymanova, Patricie"]
[Black "Savic, Nebojsa"]
[Result "0-1"]
[WhiteElo "1710"]
[BlackElo "1974"]
[PlyCount "64"]
[EventDate "2020.02.13"]
[EventType "swiss"]
[EventRounds "7"]
[EventCountry "SRB"]
[SourceTitle "CBM 195 Extra"]
[Source "ChessBase"]
[SourceDate "2020.05.31"]
[SourceVersion "1"]
[SourceVersionDate "2020.05.31"]
[SourceQuality "1"]

1. d4 Nf6 2. c4 g6 3. Nc3 Bg7 4. e4 d6 5. h3 Nbd7 6. Be3 0-0 7. Bd3 c5 8. d5 a6 9. a4 b6 10. g4 Rb8 11. f3 Ne8 12. Qd2 e6 13. h4 exd5 14. Nxd5 Ne5 15. Be2 f6 16. g5 f5 17. f4 Nc6 18. h5 Nd4 19. Bd1 fxe4 20. hxg6 hxg6 21. Qg2 Bf5 22. Nh3 Qd7 23. Nf2 Nc7 24. Nc3 d5 25. cxd5 Nxd5 26. Bxd4 cxd4 27. Nxd5 Qxd5 28. Ra3 Be6 29. Bb3 Qa5+ 30. Kf1 Bxb3 31. Rxb3 Rxf4 32. Qh3 Qf5 0-1

[Event "Niska Banja op"]
[Site "Niska Banja"]
[Date "2020.02.14"]
[Round "2"]
[White "Colic, Nikola"]
[Black "Naymanova, Patricie"]
[Result "1/2-1/2"]
[WhiteElo "2042"]
[BlackElo "1710"]
[PlyCount "38"]
[EventDate "2020.02.13"]
[EventType "swiss"]
[EventRounds "7"]
[EventCountry "SRB"]
[SourceTitle "CBM 195 Extra"]
[Source "ChessBase"]
[SourceDate "2020.05.31"]
[SourceVersion "1"]
[SourceVersionDate "2020.05.31"]
[SourceQuality "1"]

1. d4 d6 2. e4 g6 3. Nc3 Bg7 4. Be2 e5 5. dxe5 dxe5 6. Qxd8+ Kxd8 7. Bg5+ f6 8. 0-0-0+ Nd7 9. Be3 Bh6 10. Bxh6 Nxh6 11. Nf3 c6 12. h3 Kc7 13. g4 Nf7 14. Nd2 Nb6 15. Nb3 Rd8 16. a4 a5 17. Nc5 Nd6 18. Nd3 Nf7 19. Rhf1 g5 1/2-1/2

[Event "Niska Banja op"]
[Site "Niska Banja"]
[Date "2020.02.14"]
[Round "3"]
[White "Naymanova, Patricie"]
[Black "Tusu, Nicolae Dan"]
[Result "1-0"]
[WhiteElo "1710"]
[BlackElo "1878"]
[PlyCount "32"]
[EventDate "2020.02.13"]
[EventType "swiss"]
[EventRounds "7"]
[EventCountry "SRB"]
[SourceTitle "CBM 195 Extra"]
[Source "ChessBase"]
[SourceDate "2020.05.31"]
[SourceVersion "1"]
[SourceVersionDate "2020.05.31"]
[SourceQuality "1"]

1. d4 f5 2. c4 Nf6 3. Nc3 e6 4. a4 Be7 5. Bg5 d5 6. e3 c6 7. Nf3 Nbd7 8. c5 Ne4 9. Bf4 b6 10. cxb6 axb6 11. h4 Bf6 12. Nxe4 fxe4 13. Ne5 Nxe5 14. dxe5 Be7 15. Qg4 Bb4+ 16. Kd1 Qd7 1-0

[Event "EU Union-ch U14"]
[Site "Kouty nad Desnou"]
[Date "2019.08.22"]
[Round "7"]
[White "Naymanova, Patricie"]
[Black "Costescu, Mihnea Constantin"]
[Result "1-0"]
[WhiteElo "1646"]
[BlackElo "1570"]
[PlyCount "107"]
[EventDate "2019.08.16"]
[EventType "swiss"]
[EventRounds "9"]
[EventCountry "CZE"]
[SourceTitle "EXT 2020"]
[Source "ChessBase"]
[SourceDate "2019.10.17"]
[SourceVersion "1"]
[SourceVersionDate "2019.10.17"]
[SourceQuality "1"]

1. Nf3 Nf6 2. d4 e6 3. Bg5 d5 4. e3 Be7 5. Bd3 h6 6. Bh4 b6 7. c3 0-0 8. Nbd2 Ba6 9. Bxa6 Nxa6 10. Qe2 Nb8 11. Ne5 Nfd7 12. Bxe7 Qxe7 13. Ndf3 Qd6 14. 0-0 Nxe5 15. Nxe5 Nd7 16. Nxd7 Qxd7 17. c4 c6 18. Rac1 Rfc8 19. Rc3 Rc7 20. Rfc1 Rac8 21. Qc2 dxc4 22. Rxc4 Qd5 23. h3 c5 24. b4 Rb8 25. bxc5 b5 26. Rc3 a5 27. c6 Rb6 28. Rc5 Qd6 29. Qc3 b4 30. Qc4 a4 31. e4 b3 32. e5 Qd8 33. Qxa4 b2 34. Rb1 Qg5 35. Qc2 Qg6 36. Rxb2 Qxc2 37. Rbxc2 Rb1+ 38. Kh2 Kf8 39. a4 Ra1 40. a5 Ke7 41. Rb2 Ra4 42. Rb7 Kd8 43. Rb8+ Ke7 44. Rcb5 Rxd4 45. R5b7 Rxb7 46. Rxb7+ Kd8 47. a6 Ra4 48. a7 f6 49. Rb8+ Kc7 50. a8Q Rxa8 51. Rxa8 Kxc6 52. exf6 gxf6 53. Rh8 Kd5 54. Rxh6 1-0

[Event "EU Union-ch U14"]
[Site "Kouty nad Desnou"]
[Date "2019.08.21"]
[Round "6"]
[White "Rackauskas, Karolis"]
[Black "Naymanova, Patricie"]
[Result "1-0"]
[WhiteElo "1615"]
[BlackElo "1646"]
[PlyCount "69"]
[EventDate "2019.08.16"]
[EventType "swiss"]
[EventRounds "9"]
[EventCountry "CZE"]
[SourceTitle "EXT 2020"]
[Source "ChessBase"]
[SourceDate "2019.10.17"]
[SourceVersion "1"]
[SourceVersionDate "2019.10.17"]
[SourceQuality "1"]

1. e4 g6 2. d4 Bg7 3. Nc3 a6 4. Bc4 b5 5. Bb3 Bb7 6. f3 d6 7. Nge2 Nd7 8. a4 b4 9. Nb1 c5 10. d5 a5 11. Nd2 Ba6 12. Bc4 Ne5 13. Bxa6 Rxa6 14. f4 Nd7 15. Nc4 Nb6 16. Qd3 Nxc4 17. Qxc4 Rb6 18. 0-0 Nf6 19. Bd2 Nd7 20. c3 0-0 21. Rf3 Rb8 22. Rh3 Qb6 23. Kh1 Rfc8 24. Rf1 Qc7 25. Qd3 Nf8 26. f5 Nd7 27. Bh6 Ne5 28. Qd2 bxc3 29. bxc3 Nc4 30. Qf4 Be5 31. Qh4 Rb2 32. Bf4 h5 33. fxg6 fxg6 34. Qg5 Kh7 35. Qh6+ 1-0

[Event "EU Union-ch U14"]
[Site "Kouty nad Desnou"]
[Date "2019.08.18"]
[Round "3"]
[White "Naymanova, Patricie"]
[Black "Gnojek, Petr"]
[Result "0-1"]
[WhiteElo "1646"]
[BlackElo "2188"]
[PlyCount "46"]
[EventDate "2019.08.16"]
[EventType "swiss"]
[EventRounds "9"]
[EventCountry "CZE"]
[SourceTitle "EXT 2020"]
[Source "ChessBase"]
[SourceDate "2019.10.17"]
[SourceVersion "1"]
[SourceVersionDate "2019.10.17"]
[SourceQuality "1"]

1. d4 Nf6 2. c4 d6 3. Nc3 Nbd7 4. e4 e5 5. d5 g6 6. Bd3 Bg7 7. h3 Nh5 8. Nge2 Nc5 9. Bc2 0-0 10. g4 Nf4 11. Nxf4 exf4 12. Bxf4 Re8 13. f3 Qh4+ 14. Kd2 f5 15. Qe1 Qf6 16. Qe3 a6 17. b4 Nd7 18. gxf5 gxf5 19. Bg5 f4 20. Bxf4 Rf8 21. Bg5 Qxf3 22. Raf1 Qg2+ 23. Ke1 Rxf1+ 0-1

[Event "EU Union-ch U14"]
[Site "Kouty nad Desnou"]
[Date "2019.08.17"]
[Round "2"]
[White "Naymanova, Patricie"]
[Black "Oltean, Cristian Daniel"]
[Result "0-1"]
[WhiteElo "1646"]
[BlackElo "1759"]
[PlyCount "42"]
[EventDate "2019.08.16"]
[EventType "swiss"]
[EventRounds "9"]
[EventCountry "CZE"]
[SourceTitle "EXT 2020"]
[Source "ChessBase"]
[SourceDate "2019.10.17"]
[SourceVersion "1"]
[SourceVersionDate "2019.10.17"]
[SourceQuality "1"]

1. d4 f5 2. c4 Nf6 3. Nc3 g6 4. Qc2 Bg7 5. Nf3 d6 6. e3 0-0 7. Be2 c6 8. 0-0 Qe8 9. d5 Na6 10. Nd4 Nc7 11. Bf3 Bd7 12. Qb3 Rb8 13. Qa3 c5 14. Nc2 b5 15. cxb5 Nxb5 16. Nxb5 Bxb5 17. Rd1 Nd7 18. Rb1 Ne5 19. Ne1 g5 20. h3 Qg6 21. e4 g4 0-1

[Event "Ohrid Lasker U20 op"]
[Site "Ohrid"]
[Date "2018.10.13"]
[Round "5"]
[White "Rasheva, Nora"]
[Black "Naymanova, Patricie"]
[Result "0-1"]
[WhiteElo "1461"]
[BlackElo "1839"]
[PlyCount "90"]
[EventDate "2018.10.11"]
[EventType "swiss"]
[EventRounds "7"]
[EventCountry "MKD"]
[SourceTitle "CBM 186 Extra"]
[Source "ChessBase"]
[SourceDate "2018.08.24"]
[SourceVersion "1"]
[SourceVersionDate "2018.08.24"]
[SourceQuality "1"]

1. e4 e6 2. b3 d5 3. Bb2 dxe4 4. Nc3 f5 5. Nh3 Nf6 6. Qe2 Nc6 7. 0-0-0 Nd4 8. Qe1 Bb4 9. Ne2 Nxe2+ 10. Qxe2 Bd7 11. Nf4 Qe7 12. f3 Ba3 13. fxe4 Bxb2+ 14. Kxb2 Nxe4 15. g3 0-0-0 16. Bg2 Bc6 17. Rhg1 Rhe8 18. Bxe4 Bxe4 19. Qe3 Qf6+ 20. Kb1 Qd4 21. Qxd4 Rxd4 22. d3 Bc6 23. Rde1 e5 24. Ne2 Rd6 25. Nc3 Rde6 26. Rgf1 g6 27. Re3 Kd7 28. Rfe1 g5 29. R3e2 f4 30. Ne4 Bxe4 31. Rxe4 Kd6 32. Kc1 c5 33. Kd2 R8e7 34. Rf1 Rh6 35. Rf2 Rh3 36. gxf4 exf4 37. Rxe7 Kxe7 38. Ke2 Re3+ 39. Kd2 Kd6 40. Rg2 h6 41. Rf2 Ke5 42. c3 b5 43. Re2 Rxe2+ 44. Kxe2 g4 45. Kf2 b4 0-1